000 00325nam a22001457a 4500
020 _a81-219-0342-4
082 _a510
_bRAY/T
100 _aRAY, M
100 _aSHARMA, G.C
245 _aA TEXTBOOK ON DYNAMICS
260 _aDELHI
_bS.CHAND & COMPANY
_c2002
300 _a327
650 _aMATHS REFERENCE
_zINDIA
942 _cBK
999 _c1277
_d1277